Steven Holl : inspiration and process in architecture /

Internationally recognized for his ability to blend space and light with great contextual sensitivity, architect Steven Holl achieves his award-winning designs by beginning each commission with a small watercolor exploring light, color and form. Paintings help Holl create a concept-driven design tha...

Full description

Bibliographic Details
Main Author: Holl, Steven (Author)
Format: Book
Language:English
Published: Hudson, New York : Princeton Architectural Press, [2020]
Edition:First edition.
Series:Inspiration and process in architecture.
Subjects:

MARC

Tag First Indicator Second Indicator Subfields
LEADER 00000cam a2200000Ii 4500
001 in00004447821
005 20210728155430.0
008 200703t20202020nyuae 000 0 eng d
020 |a 9781616898977  |q hardcover 
020 |a 1616898976  |q hardcover 
035 |a (OCoLC)on1164384512 
040 |a YDX  |e rda  |c YDX  |d TOH  |d DPL  |d SYB  |d BDX  |d UtOrBLW 
049 |a TXAM 
050 4 |a NA737.H56  |b H65 2020 
082 0 |a 724/.6  |2 23 
100 1 |a Holl, Steven,  |e author.  |0 http://id.loc.gov/authorities/names/n80108618 
245 1 0 |a Steven Holl :  |b inspiration and process in architecture /  |c Steven Holl. 
250 |a First edition. 
264 1 |a Hudson, New York :  |b Princeton Architectural Press,  |c [2020] 
264 4 |c ©2020 
300 |a 144 pages :  |b chiefly color illustrations, plans ;  |c 21 cm. 
336 |a text  |b txt  |2 rdacontent 
337 |a unmediated  |b n  |2 rdamedia 
338 |a volume  |b nc  |2 rdacarrier 
490 1 |a Inspiration and Process in Architecture 
500 |a "Moleskine books." 
520 |a Internationally recognized for his ability to blend space and light with great contextual sensitivity, architect Steven Holl achieves his award-winning designs by beginning each commission with a small watercolor exploring light, color and form. Paintings help Holl create a concept-driven design that showcases the unique qualities of each project. This collection of watercolors, which are works of art themselves, includes his most recent projects, from the JFK Center for the Performing Arts expansion and Hunters Point Public Library to University College Dublin. 
600 1 0 |a Holl, Steven.  |0 http://id.loc.gov/authorities/names/n80108618 
650 0 |a Architecture, Modern  |y 21st century.  |0 http://id.loc.gov/authorities/subjects/sh2002012566 
650 0 |a Architecture, Modern  |y 20th century.  |0 http://id.loc.gov/authorities/subjects/sh85006834 
650 0 |a Light in architecture.  |0 http://id.loc.gov/authorities/subjects/sh85076895 
650 0 |a Space (Architecture)  |0 http://id.loc.gov/authorities/subjects/sh85125907 
650 0 |a Architectural drawing  |y 20th century  |v Pictorial works. 
830 0 |a Inspiration and process in architecture.  |0 http://id.loc.gov/authorities/names/no2013009725 
945 |b 884290 
947 |a A14851602343 
948 |a cataloged  |b h  |c 2021/6/3  |d c  |e dmitchel  |f 1:50:30 pm 
994 |a C0  |b TXA 
999 f f |s f2852bc0-ec09-3049-98ab-41a7067868bd  |i 1bca9066-18c8-3d5c-a784-3d96fde92a5e  |t 0 
952 f f |p normal  |a Texas A&M University  |b College Station  |c Sterling C. Evans Library  |d Evans: Library Stacks  |t 0  |e NA737.H56 H65 2020  |h Library of Congress classification  |i unmediated -- volume  |m A14851602343 
998 f f |a NA737.H56 H65 2020  |t 0  |l Evans: Library Stacks